书目信息 |
| 题名: |
全国英语等级考试实用教程
|
|
| 作者: | 李庆生 , 李庆生总 总主编 ;王春阁 , 王素华 主编 | |
| 分册: | 1 | |
| 出版信息: | 武汉 武汉大学出版社 2003.11 |
|
| 页数: | 161页 | |
| 开本: | 20cm | |
| 丛书名: | ||
| 单 册: | ||
| 中图分类: | H310.42 | |
| 科图分类: | ||
| 主题词: | 英语--水平考试--自学参考资料 | |
| 电子资源: | ||
| ISBN: | 7-307-04068-9 | |
| 000 | 01192nam0 2200277 450 | |
| 001 | 192004004263 | |
| 005 | 20070914153219.40 | |
| 010 | @a7-307-04068-9@dCNY7.80 | |
| 100 | @a20070602d2003 ekmy0chiy0121 ea | |
| 101 | 0 | @achi@aeng |
| 102 | @aCN@b420000 | |
| 105 | @ay z 000yy | |
| 200 | 1 | @a全国英语等级考试实用教程@Aquan guo ying yu deng ji kao shi shi yong jiao cheng@h1@d= A practical coursebook for public English test system (PETS)@hlevel 1@f李庆生总主编@Fli qing sheng zong zhu bian@g主编王春阁, 王素华@zeng |
| 210 | @a武汉@c武汉大学出版社@d2003.11 | |
| 215 | @a161页@d20cm | |
| 300 | @a并列题名:Practical coursebook for public English test system (PETS) | |
| 330 | @a该教程共有13个单元, 每一个单元覆盖一个与日常生活密切相关的主题, 按照对话、课文、单词和短语、注释、练习及答案等顺序排列。 | |
| 510 | 1 | @aPractical coursebook for public English test system (PETS)@hlevel 1@zeng |
| 606 | 0 | @a英语@x水平考试@j自学参考资料 |
| 690 | @aH310.42@v4 | |
| 701 | 0 | @a李庆生@Ali qing sheng@4总主编 |
| 701 | 0 | @a李庆生总@Ali qing sheng zong@4主编 |
| 702 | 0 | @a王春阁@Awang chun ge@4主编 |
| 702 | 0 | @a王素华@Awang su hua@4主编 |
| 801 | 0 | @aCN@c20070914 |
| 905 | @dH310.42@eL236 | |
| 全国英语等级考试实用教程.1= A practical coursebook for public English test system (PETS).level 1/李庆生总主编/主编王春阁, 王素华.-武汉:武汉大学出版社,2003.11 |
| 161页;20cm |
| 并列题名:Practical coursebook for public English test system (PETS) |
| ISBN 7-307-04068-9:CNY7.80 |
| 该教程共有13个单元, 每一个单元覆盖一个与日常生活密切相关的主题, 按照对话、课文、单词和短语、注释、练习及答案等顺序排列。 |
| ● |
| 相关链接 |
|
|
|
正题名:全国英语等级考试实用教程
索取号:H310.42/L236
 
预约/预借
| 序号 | 登录号 | 条形码 | 馆藏地/架位号 | 状态 | 备注 |
| 1 | 625943 | 206259430 | 语言库209/209语言库 96排4列2层/ [索取号:H310.42/L236] | 在馆 | |
| 2 | 625944 | 206259449 | 语言库209/209语言库 96排4列2层/ [索取号:H310.42/L236] | 在馆 | |
| 3 | 625945 | 206259458 | 语言库209/209语言库 96排4列2层/ [索取号:H310.42/L236] | 在馆 |